000 00928nam0a22002291i 4500
001 rc\1015705
005 20240723191021.0
035 _a(NLR Aleph) 006180918
090 _a6064629
_c6064629
100 _a20041129d1981 u |0rusy50 ca
101 0 _arus
102 _aRU
105 _aa |||||||||
200 1 _aИсследование эффективности и надежности производственных систем
_e(На материалах хлопковой пром-сти УзССР)
_eАвтореф. дис. на соиск. учен. степ. канд. экон. наук
_e(08.00.13)
210 _aКиев
_d1981
215 _a22 с.
_cсхем.
300 _aВ надзаг.: Киев. ин-т нар. хоз-ва им. Д.С. Коротченко
700 1 _aМахмудов
_bН.
_gНосир
801 0 _aRU
_bNLR
_gpsbo
801 1 _aRU
_bELAR
_2rusmarc
852 _aNLR
_j82-4/24627
942 _cBOOK